Loading...
Regional development planning in INdia
| Format: | Printed Book |
|---|---|
| Published: |
New Delhi
Conept
2002
|
| Subjects: |
| LEADER | 00429nam a22001337a 4500 | ||
|---|---|---|---|
| 020 | |a 9788180693779 | ||
| 082 | |a 338.954 |b REG | ||
| 245 | |a Regional development planning in INdia | ||
| 260 | |a New Delhi |b Conept |c 2002 | ||
| 300 | |a 339p. | ||
| 650 | |a Indian economy | ||
| 942 | |c BK | ||
| 999 | |c 35227 |d 35227 | ||
| 952 | |0 0 |1 0 |4 0 |6 338_954000000000000_REG |7 0 |8 Stack |9 37285 |a KUCL |b KUCL |c Stack |d 2015-10-12 |l 0 |o 338.954 REG |p 34153 |r 2015-10-12 |w 2015-10-12 |y BK | ||